000 00819nam a2200229Ii 4500
003 JO-AjNU
008 230605s9999||||xx |||||||||||||| ||und||
017 _a2007/20916
020 _a977-208-703-0
040 _aJO-AjNU
_bara
_erda
_cJO-AjNU
041 _aara
050 1 4 _aBF637.S46.J35.2008
100 3 _aالجماعي،صلاح الدين احمد,
_eauthor
_931108
245 0 0 _aالاغتراب النفسي والإجتماعي وعلاقته بالتوافق النفسي والإجتماعي
250 _aط1
264 3 1 _aالقاهرة:مكتبة مدبولي ، 2008
300 _a254ص
336 _atext
_btxt
_2rdacontent
337 _aunmediated
_bn
_2rdamedia
338 _avolume
_bnc
_2rdacarrier
650 4 _aالاغتراب الاجتماعي-علم النفس الاجتماعي
_931109
999 _aA12407
_c15975
_d15975